000 00878nam a22002417a 4500
999 _c64921
_d64921
005 20240530110758.0
008 181216s2017 ua f f 00| | ara d
017 _a2017/26564
_bمصر. دار الكتب
020 _a97897779115610
040 _aEG-CaGPL
_cEG-CaGPL
082 0 4 _221
_a932 /
_bق/م م
100 0 _aممدوح محمد الدماطى
245 1 0 _aملكات مصر /
_cممدوح محمد الدماطى
250 _aط.1
260 _aالقاهرة :
_c2017.
_bالهيئة المصرية العامة للكتاب،
300 _a400 ص. :
_bايض ؛
_c19 سم.
650 0 7 _2qrmak
_aالملكات
_zمصر القديمة
651 0 7 _2qrmak
_aمصر القديمة
651 0 7 _2qrmak
_aالحضارة الفرعونية
651 0 7 _2qrmak
_aالمصريون القدماء
942 _2ddc
_cBK